Evaluation of heat stress, heat strain, and rhabdomyolysis in park employees /

Bibliographic Details
Main Authors: Eisenberg, Judith (Author), Methner, Mark M. (Author)
Corporate Author: Health Hazard Evaluation Program (U.S.) (sponsoring body.)
Format: Government Document eBook
Language:English
Published: Cincinnati, OH : U.S. Department of Health and Human Services, Centers for Disease Control and Prevention, National Institute for Occupational Safety and Health, 2014.
Series:NIOSH health hazard evaluation report ; 2013-0109-3214.
Subjects:
Online Access:https://purl.fdlp.gov/GPO/gpo91759

MARC

Tag First Indicator Second Indicator Subfields
LEADER 00000nam a2200000Ii 4500
001 in00004021321
005 20180723094903.0
006 m o d f
007 cr mn|||||||||
008 180613s2014 ohua ob f000 0 eng d
035 |a (OCoLC)on1040034316 
043 |a n-us-ca 
040 |a GPO  |b eng  |e rda  |e pn  |c GPO  |d MvI 
049 |a WWW 
074 |a 0499-F-16 (online) 
086 0 |a HE 20.7125/2:2013-0109-3214 
100 1 |a Eisenberg, Judith,  |e author. 
245 1 0 |a Evaluation of heat stress, heat strain, and rhabdomyolysis in park employees /  |c Judith Eisenberg, Mark Methner. 
246 1 7 |a Health hazard evaluation report 2013-0109-3214 
264 1 |a Cincinnati, OH :  |b U.S. Department of Health and Human Services, Centers for Disease Control and Prevention, National Institute for Occupational Safety and Health,  |c 2014. 
300 |a 1 online resource (iv, 35 pages) :  |b one color illustration. 
336 |a text  |b txt  |2 rdacontent 
337 |a computer  |b c  |2 rdamedia 
338 |a online resource  |b cr  |2 rdacarrier 
490 1 |a Report ;  |v no. 2013-0109-3214 
500 |a "June 2014." 
504 |a Includes bibliographical references (pages 31-32). 
588 |a Description based on online resource, PDF version; title from cover (NIOSH, viewed April 27, 2018). 
650 0 |a Parks  |z California  |x Employees  |x Health and hygiene. 
650 0 |a National parks and reserves  |z California. 
650 0 |a Heat  |x Physiological effect  |z California. 
650 0 |a Rhabdomyolysis  |z California. 
650 0 |a Dehydration (Physiology) 
650 0 |a Protective clothing  |z California. 
700 1 |a Methner, Mark M.,  |e author. 
710 2 |a National Institute for Occupational Safety and Health,  |e issuing body. 
710 2 |a Health Hazard Evaluation Program (U.S.),  |e sponsoring body. 
830 0 |a NIOSH health hazard evaluation report ;  |v 2013-0109-3214. 
856 4 0 |u https://purl.fdlp.gov/GPO/gpo91759  |t 0 
999 f f |s 8b3320e0-6eb2-3415-be93-bd0cc0ac71ed  |i bfc824cf-2fc4-3c0a-b226-e50f28b351b0  |t 0 
952 f f |a Texas A&M University  |b College Station  |c Electronic Resources  |d Available Online  |t 0  |e HE 20.7125/2:2013-0109-3214  |h Superintendent of Documents classification 
998 f f |a HE 20.7125/2:2013-0109-3214  |t 0  |l Available Online